=LDR 00000nam 2200000 4500 =001 INLIS000000000024121 =005 20200227111117 =035 ##$$a 0010-061300000024121 =008 200227################g##########0#ind## =041 ##$$a Ind =090 ##$$a 070, Kal k =245 ##$$a Menguak tubuh : $b Kalam 15 jurnal kebudayaan =260 ##$$a Jakarta :$b Tempo,$c 2000 =300 ##$$a 166 hlm. ; $c 22 x 15 cm. =650 #4$$a Cerita, esai, puisi =850 ##$$a NBPNMAT =082 ##$$a 070 =084 ##$$a 070 MEN =990 ##$$a 154.693/Pro-2000 =990 ##$$a 154.696/Pro-2000